000 00465nam a2200121Ia 4500
008 220620s9999||||xx |||||||||||||| ||und||
100 _aMaria Agnello
245 0 _aSea Urchin - From Environment to Aquaculture and Biomedicine
546 _aEnglish[eng]
650 _aLife Sciences||Agricultural and Biological Sciences||Mariculture||Aquaculture
856 _uhttps://www.intechopen.com/books/sea-urchin-from-environment-to-aquaculture-and-biomedicine
942 _cEB
999 _c22432
_d22432